| 000 | 00620nam a2200217Ia 4500 | ||
|---|---|---|---|
| 008 | 131103s9999 xx 000 0 und d | ||
| 020 | _a0 356 05106 4 | ||
| 040 | _aLoreto College | ||
| 041 | _aEnglish | ||
| 082 |
_aREF/GEO _bLCBED/13131 |
||
| 100 | _aHaag, Michael Von | ||
| 245 |
_aEgypt _b the land and its people _cMichael Von Hagg; edited by Lesley Firth |
||
| 260 |
_aLondon _bMacdonald _c1975 |
||
| 300 |
_a61p. _b ill., maps _c 25cm. |
||
| 440 | _aMacdonald countries | ||
| 504 | _aIncludes index | ||
| 650 | _aGeograpy - Egypt | ||
| 700 | _aFirth,Lesley; ed. | ||
| 850 | _aLCBED/REF/GEO | ||
| 942 | _cBK | ||
| 999 |
_c31009 _d81488 |
||